| 000 | 00628nam a2200193 i 4500 | ||
|---|---|---|---|
| 001 | 45453 | ||
| 003 | ES-MaACL | ||
| 005 | 20230906161224.0 | ||
| 007 | t| | ||
| 008 | 030326s1960 sp ||||1| spa d | ||
| 100 | 1 |
_aCognet, Luis. _939476 |
|
| 245 | 1 | 0 |
_aSan Vicente de Paul / _ctextos y leyendas de Luis Cognet y de José Herrera ; fotos de Leonardo von Matt. |
| 260 |
_a[Bilbao] : _bDesclée de Brouwer, _c1960. |
||
| 300 |
_a251 p., 190 lám. ; _c25 cm. |
||
| 600 | 0 | 4 |
_aVicente de Paúl _cSanto. _9114354 |
| 700 | 1 |
_aHerrera, José. _963201 |
|
| 700 | 1 |
_aMatt, Leonard von. _979106 |
|
| 852 |
_aES-MaACL _jC-15376 _bR.47227 |
||
| 999 |
_c45453 _d45453 |
||